Mathematical Methods for Physicists (Record no. 610401)

000 -LEADER
fixed length control field 00391nam a22001457a 4500
040 ## - CATALOGING SOURCE
Original cataloging agency NUST
082 ## - DEWEY DECIMAL CLASSIFICATION NUMBER
Classification number 510
Author Mark ARF
100 ## - MAIN ENTRY--PERSONAL NAME
Personal name Arfken
9 (RLIN) 39733
110 ## - MAIN ENTRY--CORPORATE NAME
Corporate name or jurisdiction name as entry element Weber
9 (RLIN) 124578
245 ## - TITLE STATEMENT
Title Mathematical Methods for Physicists
250 ## - EDITION STATEMENT
Edition statement Sixth Edition
260 ## - PUBLICATION, DISTRIBUTION, ETC.
Place of publication, distribution, etc. Rawalpindi:
Name of publisher, distributor, etc. National Book Foundation;
Date of publication, distribution, etc. 2007.
610 ## - SUBJECT ADDED ENTRY--CORPORATE NAME
Corporate name or jurisdiction name as entry element Mathematical Methods for Physicists
9 (RLIN) 124579
942 ## - ADDED ENTRY ELEMENTS (KOHA)
Source of classification or shelving scheme
Koha item type Book
Holdings
Withdrawn status Lost status Source of classification or shelving scheme Damaged status Not for loan Permanent Location Current Location Shelving location Date acquired Full call number Barcode Date last seen Price effective from Koha item type Public note Total Checkouts
          College of Electrical & Mechanical Engineering (CEME) College of Electrical & Mechanical Engineering (CEME) General Stacks 07/18/2024 510 ARF CEME- 42390 07/18/2024 07/18/2024 Book 3.7  
          College of Electrical & Mechanical Engineering (CEME) College of Electrical & Mechanical Engineering (CEME) General Stacks 01/19/2026 510 ARF CEME- 42389 01/19/2026 01/19/2026 Book 3.7  
© 2023 Central Library, National University of Sciences and Technology. All Rights Reserved.